Ukrainian Romanizations - Statistics

General Stats
  • This quiz has been taken 24 times
  • The average score is 19 of 33
Answer Stats
Hint Answer % Correct
М м m
82%
Ю ю yu
82%
А а a
73%
Ч ч ch
73%
К к k
73%
Т т t
73%
Ц ц ts
73%
Й й y
73%
Б б b
64%
Е е e
64%
Ф ф f
64%
Ґ ґ g
64%
Л л l
64%
Н н n
64%
О о o
64%
П п p
64%
С с s
64%
Ш ш sh
64%
У y u
64%
В в v
64%
Я я ya
64%
З з z
64%
Д д d
55%
Г г h
55%
И и i
55%
Х x kh
55%
Щ щ shch
45%
Є є ye
45%
І і ee
27%
Ь ь soft sign
18%
Р р er
9%
Ї ї yee
9%
Ж ж zhe
9%
No matching quizzes found
Score Distribution
Percent of People with Each Score
Percentile by Number Answered
Your Score History
You have not taken this quiz